|
|
|
|
| LEADER |
01109nam a22003137a 4500 |
| 001 |
30831 |
| 003 |
BD-DhAAL |
| 005 |
20160208142810.0 |
| 008 |
160208r20082004enk||||| b||| 001 0 eng d |
| 020 |
|
|
|a 033521097X
|
| 020 |
|
|
|a 0335210988
|
| 020 |
|
|
|a 9780335210978
|
| 020 |
|
|
|a 9780335210985
|
| 040 |
|
|
|a BD-DhAAL
|c BD-DhAAL
|
| 082 |
|
|
|2 22
|a 302.23082
|
| 245 |
|
|
|a Critical readings :
|b media and gender /
|c edited by Cynthia Carter and Linda Steiner
|
| 264 |
|
|
|a Berkshire :
|b Open University Press,
|c 2004 [Reprinted 2008]
|
| 300 |
|
|
|a xiv, 366 p. :
|c 23 cm.
|
| 490 |
|
|
|a Issues in Cultural and Media Studies
|
| 504 |
|
|
|a Includes bibliographical references and index
|
| 526 |
|
|
|a Jaatri
|
| 541 |
|
|
|e 30831
|
| 650 |
|
|
|a Mass media and women.
|9 17874
|
| 700 |
|
|
|a Carter, Cynthia
|9 17875
|
| 700 |
|
|
|a Steiner, Linda
|9 17876
|
| 852 |
|
|
|a Ayesha Abed Library
|c General Stacks
|
| 942 |
|
|
|2 ddc
|c BK
|
| 999 |
|
|
|c 36808
|d 36808
|
| 952 |
|
|
|0 0
|1 0
|2 ddc
|4 0
|6 302_230820000000000_CRI
|7 0
|9 57931
|a BRACUL
|b BRACUL
|c GEN
|d 2016-02-08
|e Jaatri
|l 3
|m 9
|o 302.23082 CRI
|p 3010030831
|r 2026-03-03
|s 2026-02-26
|t 1
|w 2016-02-08
|y BK
|